00960nam a22002177a 4500003000900000005001700009008004100026040002500067082001700092100004700109245018000156260003800336300002400374521002300398590002700421590006300448910001400511942001400525952018600539999001700725DO-SdBNP20220725094409.0190722s1967 a 000 spa d aDO-SdBNPbspacBNPHU axxxxxbV794m aVincent Cepeda, Altagracia Victoria944146 0aManual de preceptiva literaria y "literatura Española" :bpara el 3er. curso del bachillerato (desarrollado conforme al programa vigente)cAltagracia Victoria Vincet Cepeda  aSanto Domingo,bDel Caribec1967. a303 p.bil.c23 cm. a3er. bachillerato. aInventariado, 2022/ YL aPerteneció a la biblioteca personal de Bárbara Suncar. aYLockward 2ddccLBS1 00102ddc51708PDaBNPHUbBNPHUcCTd2016-07-01eBarbara Suncarl0oxxxxx V794mp2022-3551r2022-07-25w2022-07-25yLBS1zPerteneció a la biblioteca personal de Bárbara Suncar c48606d48606